| 000 | 01542nam a22003615a 4500 | ||
|---|---|---|---|
| 003 | EG-ScBUE | ||
| 005 | 20220718100641.0 | ||
| 008 | 170524s2008 ua f bd 000 0 ara d | ||
| 017 | _a2002 / 20198 | ||
| 020 | _a9771606735 | ||
| 040 |
_aEG-ScBUE _bara _erda _cEG-ScBUE _dEG-ScBUE |
||
| 041 | 0 |
_aara _aeng |
|
| 082 | 0 | 4 |
_a418.02 _bع ن ا _222 |
| 100 | 1 |
_aعناني، محمد، _d1939- _eمؤلف. |
|
| 245 | 1 | 0 |
_aنظرية الترجمة الحديثة : _bمدخل إلى مبحث دراسات الترجمة / _cالدكتور محمد عناني، أستاذ اللغة الإنجليزية وآدابها، كلية الآداب، جامعة القاهرة. |
| 250 | _aالطبعة الثالثة. | ||
| 264 | 1 |
_aالجيزة، مصر : _bالشركة المصرية العالمية للنشر، لونجمان، _c2008. |
|
| 300 |
_a322 صفحة ؛ _c24 سم. |
||
| 336 |
_2rdacontent _aنص _btxt |
||
| 337 |
_2rdamedia _aبدون وسيط _bn |
||
| 338 |
_2rdacarrier _aمجلد _bnc |
||
| 490 | 0 | _aلغويات | |
| 500 | _aيشتمل على قائمة مصطلحات. | ||
| 504 | _aيشتمل على إرجاعات ببليوجرافية. | ||
| 546 | _aالنص باللغتين العربية والإنجليزية. | ||
| 650 | 7 |
_aالترجمة _xدراسة وتعليم. _2BUEsh |
|
| 650 | 7 |
_aاللغة العربية _xترجمة. _2BUEsh |
|
| 650 | 7 |
_aاللغة الإنجليزية _xترجمة. _2BUEsh _926944 |
|
| 651 | _2BUEsh | ||
| 653 |
_bGGEN _cMay2017 |
||
| 655 |
_vReading book _934232 |
||
| 942 | _2ddc | ||
| 999 |
_c24883 _d24855 |
||